Serie A Coach of the Month - 2021-2022 - Statistics

Statistiche generali
  • Questo quiz è stato fatto 23 volte
  • Il punteggio medio è 9 su 9
Statistiche sulle risposte
Mese Nazione Squadra Allenatore % Corretto
Novembre Italia Atalanta Gian Piero Gasperini
100%
Settembre Italia Napoli Luciano Spalletti
100%
Febbraio Italia Napoli Luciano Spalletti
100%
Dicembre Italia Inter Simone Inzaghi
100%
Ottobre Italia Milan Stefano Pioli
100%
Marzo Italia Milan Stefano Pioli
100%
Maggio Italia Milan Stefano Pioli
100%
Gennaio Italia Spezia Thiago Motta
82%
Aprile Serbia Bologna Siniša Mihajlović
77%
Nessun quiz corrispondente trovato
Distribuzione punteggi
Percentuale di utenti per punteggio
Percentile per numero di risposta
I tuoi punteggi nel tempo
Non hai fatto questo quiz